Determinants of Employee Welfare on Organizational Performance of Three Star Hotels in Kisii County, Kenya (Record no. 216024)

MARC details
000 -LEADER
fixed length control field 00692nam a22001577a 4500
008 - FIXED-LENGTH DATA ELEMENTS--GENERAL INFORMATION
fixed length control field 250812b |||||||| |||| 00| 0 eng d
050 ## - LIBRARY OF CONGRESS CALL NUMBER
Classification number THE HF 5549.5 .C67 N93 2025
Item number C.1
100 ## - MAIN ENTRY--PERSONAL NAME
Personal name Nyanchwa, Sibota Beatrice
245 ## - TITLE STATEMENT
Title Determinants of Employee Welfare on Organizational Performance of Three Star Hotels in Kisii County, Kenya
260 ## - PUBLICATION, DISTRIBUTION, ETC.
Place of publication, distribution, etc. Kisii
Name of publisher, distributor, etc. Kisii University
Date of publication, distribution, etc. 2025
300 ## - PHYSICAL DESCRIPTION
Extent xviii, 85p.:ill.
500 ## - GENERAL NOTE
General note Includes bibliographical references
650 ## - SUBJECT ADDED ENTRY
Topical term or geographic name entry element 1. Employee welfare—Kenya. 2. Personnel management—Kenya. 3. Organizational effectiveness—Kenya. 4. Hospitality industry—Kenya. 5. Hotels—Employees—Kenya.
942 ## - ADDED ENTRY ELEMENTS (KOHA)
Source of classification or shelving scheme Library of Congress Classification
Koha item type Reference
Holdings
Withdrawn status Lost status Source of classification or shelving scheme Damaged status Not for loan Collection Home library Current library Date acquired Inventory number Total checkouts Full call number Barcode Date last seen Copy number Price effective from Koha item type
    Library of Congress Classification     Special Research Kisii University Library Kisii University Library 08/12/2025 109431   THE HF 5549.5 .C67 N93 2025 000000024328 08/12/2025 C.1 08/12/2025 Reference